Principles of heat transfer. (Record no. 67591)

000 -LEADER
fixed length control field 00739cam a2200253 4500
001 - CONTROL NUMBER
control field 1250693
003 - CONTROL NUMBER IDENTIFIER
control field NUST - PNEC
005 - DATE AND TIME OF LATEST TRANSACTION
control field 20170116181027.0
008 - FIXED-LENGTH DATA ELEMENTS--GENERAL INFORMATION
fixed length control field 730202s1973 nyua b 001 0 eng
010 ## - LIBRARY OF CONGRESS CONTROL NUMBER
LC control number 73001784
020 ## - INTERNATIONAL STANDARD BOOK NUMBER
International Standard Book Number 070022422X
040 ## - CATALOGING SOURCE
Transcribing agency LIBRARY
082 00 - DEWEY DECIMAL CLASSIFICATION NUMBER
Classification number 536.2 KRE
100 1# - MAIN ENTRY--PERSONAL NAME
Personal name Kreith, Frank.
245 10 - TITLE STATEMENT
Title Principles of heat transfer.
Statement of responsibility, etc. Kreith, Frank.
250 ## - EDITION STATEMENT
Edition statement 3d ed.
260 ## - PUBLICATION, DISTRIBUTION, ETC.
Place of publication, distribution, etc. New York,
Name of publisher, distributor, etc. Intext Educational Publishers
Date of publication, distribution, etc. [1973]
300 ## - PHYSICAL DESCRIPTION
Extent xvi, 656 p.
Other physical details illus.
Dimensions 24 cm.
490 0# - SERIES STATEMENT
Series statement The Intext series in mechanical engineering
504 ## - BIBLIOGRAPHY, ETC. NOTE
Bibliography, etc. note Includes bibliographical references.
650 #0 - SUBJECT ADDED ENTRY--TOPICAL TERM
Topical term or geographic name entry element Heat
General subdivision Transmission.
906 ## - LOCAL DATA ELEMENT F, LDF (RLIN)
a 7
b cbc
c orignew
d 1
e ocip
f 19
g y-gencatlg
942 ## - ADDED ENTRY ELEMENTS (KOHA)
Source of classification or shelving scheme
Koha item type Book
Holdings
Withdrawn status Lost status Source of classification or shelving scheme Damaged status Not for loan Permanent Location Current Location Shelving location Date acquired Total Checkouts Full call number Barcode Date last seen Price effective from Koha item type
          Pakistan Navy Engineering College (PNEC) Pakistan Navy Engineering College (PNEC)       536.2 KRE PNECLIB-010785 09/17/2015   Book
          Pakistan Navy Engineering College (PNEC) Pakistan Navy Engineering College (PNEC)       536.2 KRE PNECLIB-005444 09/28/2015   Book
          Pakistan Navy Engineering College (PNEC) Pakistan Navy Engineering College (PNEC)       621.4022 KRE PNECLIB-006432 10/03/2015   Book
          Pakistan Navy Engineering College (PNEC) Pakistan Navy Engineering College (PNEC)       621.4022 KRE PNECLIB-005446 10/03/2015   Book
© 2023 Central Library, National University of Sciences and Technology. All Rights Reserved.